000 00355nam a2200145Ia 4500
005 20251222152016.0
008 251222s9999||||xx |||||||||||||| ||spa||
020 _a8477211264
082 _a631.7/P27
100 _aPascual España, Bernardo
245 0 _aEl Riego:
250 _a1ra.ed.
264 _bUniversidad Politécnica de Valencia
942 _cLIB
999 _c25088
_d25088